On generalized surfaces of finite topological types

Saved in:
Bibliographic Details
Main Author: Young, L. C. (Laurence Chisholm) 1905-
Format: Book
Language:English
Published: Providence : American Mathematical Society, 1955
Series:Memoirs of the American Mathematical Society ; ; 17
Subjects:
Tags: Add Tag
No Tags, Be the first to tag this record!

MARC

LEADER 00000nam a2200000 i 4500
001 1/54025
008 941103s1955 eng d
035 |a 1993  |l 10044875 
040 |a GR-MY-UA  |b gre  |e aacr 
041 0 |a eng 
082 0 |a 516.352 
100 1 |a Young, L. C.  |q (Laurence Chisholm)  |d 1905- 
245 1 0 |a On generalized surfaces of finite topological types /  |c L.C. Young 
260 |a Providence :   |b American Mathematical Society,   |c 1955 
300 |a 63 p.;  |c 26 cm. 
490 1 |a Memoirs of the American Mathematical Society  |v ; 17 
500 |a Includes bibliographical refernces 
650 0 0 |a Calculus. 
830 0 |a Memoirs of the American Mathematical Society ;  |v ; 17 
852 |a INST  |b SAMOS  |e 19941103  |h 516.352 YOU  |p 005300002737  |q 005300002737  |t BK  |y 0 
909 |a Σ  |b 030494